| 000 -LEADER |
| fixed length control field |
00698nam a22002177a 4500 |
| 003 - CONTROL NUMBER IDENTIFIER |
| control field |
OSt |
| 005 - DATE AND TIME OF LATEST TRANSACTION |
| control field |
20210426094319.0 |
| 008 - FIXED-LENGTH DATA ELEMENTS--GENERAL INFORMATION |
| fixed length control field |
201229s2011 ||||| |||| 00| 0 eng d |
| 020 ## - INTERNATIONAL STANDARD BOOK NUMBER |
| International Standard Book Number |
9781581105018 |
| 040 ## - CATALOGING SOURCE |
| Original cataloging agency |
eng |
| Language of cataloging |
eng |
| Transcribing agency |
DLC |
| 041 ## - LANGUAGE CODE |
| Language code of text/sound track or separate title |
eng |
| 080 ## - UNIVERSAL DECIMAL CLASSIFICATION NUMBER |
| Universal Decimal Classification number |
616-053.3 |
| Item number |
Z-18 |
| 100 ## - MAIN ENTRY--PERSONAL NAME |
| 9 (RLIN) |
644 |
| Personal name |
Zaichkin, Jeanette |
| Relator term |
Editor |
| 245 ## - TITLE STATEMENT |
| Title |
Neonatal Resuscitation / Instructor Manual |
| Statement of responsibility, etc. |
/ by: American Academy of Pediatrics and American Heart Association |
| 250 ## - EDITION STATEMENT |
| Edition statement |
5th edition |
| 260 ## - PUBLICATION, DISTRIBUTION, ETC. |
| Place of publication, distribution, etc. |
USA |
| Name of publisher, distributor, etc. |
American Academy of Pediatrics and American Heart Association |
| Date of publication, distribution, etc. |
2011 |
| 300 ## - PHYSICAL DESCRIPTION |
| Extent |
390 p. |
| Other physical details |
ill. |
| 650 #0 - SUBJECT ADDED ENTRY--TOPICAL TERM |
| 9 (RLIN) |
529 |
| Topical term or geographic name entry element |
Neonatology |
| 653 ## - INDEX TERM--UNCONTROLLED |
| Uncontrolled term |
ნეონატოლოგია |
| 942 ## - ADDED ENTRY ELEMENTS (KOHA) |
| Source of classification or shelving scheme |
|
| Koha item type |
Books |
| Edition |
5 |